Study On The Process Of Producing Cadastral Map In Ang Metrey Village, Roleang Kreul Commune, Samrong District, Kampong Speu Province,សិក្សាអំពីដំណើរការនៃការផលិតផែនទីសុរិយោដី ស្ថិតនៅភូមិអង្គមេត្រី ឃុំរលាំងគ្រើល ស្រុកសំរោងទង ខេត្តកំពង់ស្ពឺ (Record no. 25337)

000 -LEADER
fixed length control field 00714nam a22001217a 4500
040 ## - CATALOGING SOURCE
Transcribing agency RUA
082 ## - DEWEY DECIMAL CLASSIFICATION NUMBER
Classification number LMA OL 2024 B701 Or.1
100 ## - MAIN ENTRY--AUTHOR NAME
Personal name OL VANNY, អុល វណ្ណនី
245 ## - TITLE STATEMENT
Title Study On The Process Of Producing Cadastral Map In Ang Metrey Village, Roleang Kreul Commune, Samrong District, Kampong Speu Province,សិក្សាអំពីដំណើរការនៃការផលិតផែនទីសុរិយោដី ស្ថិតនៅភូមិអង្គមេត្រី ឃុំរលាំងគ្រើល ស្រុកសំរោងទង ខេត្តកំពង់ស្ពឺ
260 ## - PUBLICATION, DISTRIBUTION, ETC. (IMPRINT)
Place of publication PHNOM PENH
Name of publisher RUA
Year of publication 2024
300 ## - PHYSICAL DESCRIPTION
Number of Pages x,
Other physical details ill,
Dimensions 29cm,
942 ## - ADDED ENTRY ELEMENTS (KOHA)
Koha item type LMA
952 ## - LOCATION AND ITEM INFORMATION (KOHA)
Withdrawn status [LOCAL, KOHA] 0
952 ## - LOCATION AND ITEM INFORMATION (KOHA)
Withdrawn status [LOCAL, KOHA] 0
Holdings
Permanent Location Date acquired Koha item type Lost status Shelving location Barcode Current Location Full call number
Library Block B2025-06-23LMA B701A084335Library Block BLMA OL 2024 B701 Or.1
Library Block B2025-06-23LMA B701A084526Library Block BLMA OL 2024 B701 Or.2
មជ្ឈមណ្ឌលឯការនៃសាកលវិទ្យាល័យភូមិន្ទកសិកម្មចំការដូង

Powered by Koha